| 000 | 01348nam a2200349 i 4500 | ||
|---|---|---|---|
| 003 | EG-ScBUE | ||
| 005 | 20230403105520.0 | ||
| 008 | 171220s1970 ua fr 000 0 ara d | ||
| 017 | _a1970 / 3700 | ||
| 017 | _a1970 / 5122 | ||
| 040 |
_aEG-ScBUE _bara _erda _cEG-ScBUE _dEG-ScBUE |
||
| 041 | 1 |
_aara _hfre |
|
| 082 | 0 | 4 |
_a792 _bأ ص ل _222 |
| 100 | 1 |
_aأصلان، أوديت، _eمؤلف. |
|
| 240 | 1 | 0 |
_aL'art lu théâtre. _lArabic |
| 245 | 1 | 0 |
_aفن المسرح / _cتأليف أوديت أصلان ؛ ترجمة الدكتورة سامية أحمد أسعد. |
| 264 | 1 |
_aالقاهرة ؛ _aنيويورك : _bمكتبة الأنجلو المصرية : _bمؤسسة فرانكلين للطباعة والنشر، _c1970. |
|
| 300 |
_a2 مجلد ؛ _c24 سم |
||
| 336 |
_2rdacontent _aنص _btxt |
||
| 337 |
_2rdamedia _aبدون وسيط _bn |
||
| 338 |
_2rdacarrier _aمجلد _bnc |
||
| 505 | 0 | _aالمجلد الأول -- المجلد الثاني. | |
| 541 |
_aألف باء ؛ _cشراء. |
||
| 546 | _aالنص باللغة العربية ؛ مترجم من اللغة الفرنسية. | ||
| 650 | 7 |
_aالمسرح. _2BUEsh |
|
| 650 | 7 |
_aالتمثيل. _2BUEsh |
|
| 651 | _2BUEsh | ||
| 653 |
_bCOMAME _bGGEN _cDecember2017 |
||
| 655 | _vReading book | ||
| 700 | 1 |
_aأسعد، سامية أحمد، _eمترجم. |
|
| 942 | _2ddc | ||
| 999 |
_c7050 _d7050 |
||